|
|
|
|
| LEADER |
00835nam a2200253 a 4500 |
| 001 |
000479402 |
| 003 |
CZ BrMZK |
| 005 |
20100607100059.0 |
| 007 |
ta |
| 008 |
000105s1978 gw f ger d |
| 040 |
|
|
|a BOA001
|b cze
|
| 080 |
|
|
|a 227
|2 MRF
|
| 100 |
1 |
|
|a Rienecker, Fritz,
|d 1897-1965
|7 kup20000000082842
|4 aut
|
| 245 |
1 |
4 |
|a Der Brief des Paulus an die Epheser /
|c Erklärt von Fritz Rienecker
|
| 246 |
3 |
3 |
|a Neues Testament
|
| 250 |
|
|
|a 6. Aufl.
|
| 260 |
|
|
|a Wuppertal :
|b R. Brockhaus,
|c 1978
|
| 300 |
|
|
|a 260 s.
|
| 490 |
1 |
|
|a Wuppertaler Studienbibel : R. : Neues Testament
|
| 700 |
0 |
|
|a Pavel,
|c svatý,
|d asi 10-asi 67
|7 jn99240000845
|4 aut
|
| 830 |
|
0 |
|a Wuppertaler Studienbibel
|
| 910 |
|
|
|a BOA001
|b 2-0871.064
|
| 990 |
|
|
|a BK
|
| 996 |
6 |
|
|b 2619892682
|c 2-0871.064
|l MZK
|r Sklad / do 1 hodiny
|n 1
|w 000479402
|u 000010
|a 1
|e BOA001
|j MZK50
|s P
|